000
00376nam a22001217a 4500
040
_c
RUA
082
_a
FAO IPM 2005 C217 Or.
100
_a
អ៊ុំ អេងសេដ្ឋា
245
_a
បញ្ហាថ្នាំកសិកម្មនៅប្រទេសកម្ពុជា
260
_a
phnom penh
_b
rua
_c
2005
300
_a
125p.
_b
ill.
_c
29cm.
942
_c
REC
999
_c
22544
_d
22544